28 ปี รัฐศาสตร์ มสธ. รวมบทความวิชาการรัฐศาสตร์ (ระเบียนเลขที่ 61284)
| 000 -LEADER | |
|---|---|
| fixed length control field | 01931nam a22003377a 4500 |
| 005 - DATE AND TIME OF LATEST TRANSACTION | |
| control field | 20251125233054.0 |
| 008 - FIXED-LENGTH DATA ELEMENTS--GENERAL INFORMATION | |
| fixed length control field | s2553 th tha d |
| 020 ## - INTERNATIONAL STANDARD BOOK NUMBER | |
| International Standard Book Number | 97561348452 |
| 040 ## - CATALOGING SOURCE | |
| Original cataloging agency | NALT |
| 041 ## - LANGUAGE CODE | |
| Language code of text/sound track or separate title | tha |
| 050 ## - LIBRARY OF CONGRESS CALL NUMBER | |
| Classification number | JA49 ส747 2553 |
| 100 0# - MAIN ENTRY--PERSONAL NAME | |
| Personal name | สุภาพร หะยะมิน |
| 245 10 - TITLE STATEMENT | |
| Title | 28 ปี รัฐศาสตร์ มสธ. รวมบทความวิชาการรัฐศาสตร์ |
| 260 3# - PUBLICATION, DISTRIBUTION, ETC. | |
| Place of publication, distribution, etc. | นนทบุรี : |
| Name of publisher, distributor, etc. | มหาวิทยาลัยสุโขทัยธรรมาธิราช, |
| Date of publication, distribution, etc. | 2553 |
| 300 ## - PHYSICAL DESCRIPTION | |
| Extent | 253 หน้า : |
| Other physical details | ภาพประกอบ, ตาราง ; |
| Dimensions | 26 ซม. |
| 610 ## - SUBJECT ADDED ENTRY--CORPORATE NAME | |
| Corporate name or jurisdiction name as entry element | มหาวิทยาลัยสุโขทัยธรรมาธิราช. สาขาวิชารัฐศาสตร์ |
| 650 04 - SUBJECT ADDED ENTRY--TOPICAL TERM | |
| Topical term or geographic name entry element | เวียดนาม -- ความสัมพันธ์กับต่างประเทศ -- โซเวียต |
| 650 04 - SUBJECT ADDED ENTRY--TOPICAL TERM | |
| Topical term or geographic name entry element | ไทย -- การเมืองและการปกครอง -- วิเคราะห์ |
| 650 04 - SUBJECT ADDED ENTRY--TOPICAL TERM | |
| Topical term or geographic name entry element | วัฒนธรรมทางการเมือง -- ไทย |
| 650 04 - SUBJECT ADDED ENTRY--TOPICAL TERM | |
| Topical term or geographic name entry element | แม่สอด -- การเมืองและการปกครอง |
| 650 04 - SUBJECT ADDED ENTRY--TOPICAL TERM | |
| Topical term or geographic name entry element | การชุมนุมทางการเมือง -- ไทย |
| 650 04 - SUBJECT ADDED ENTRY--TOPICAL TERM | |
| Topical term or geographic name entry element | ทุนนิยมผูกขาด |
| 650 04 - SUBJECT ADDED ENTRY--TOPICAL TERM | |
| Topical term or geographic name entry element | ปัญหาการเมือง -- ไทย -- วิเคราะห์ |
| 650 04 - SUBJECT ADDED ENTRY--TOPICAL TERM | |
| Topical term or geographic name entry element | พุทธศาสนากับการเมือง |
| 650 04 - SUBJECT ADDED ENTRY--TOPICAL TERM | |
| Topical term or geographic name entry element | รัฐล้มเหลว |
| 650 04 - SUBJECT ADDED ENTRY--TOPICAL TERM | |
| Topical term or geographic name entry element | เสรีภาพ |
| 850 ## - HOLDING INSTITUTION | |
| Holding institution | NALT |
| 856 40 - ELECTRONIC LOCATION AND ACCESS | |
| Uniform Resource Identifier | <a href="https://hdl.handle.net/20.500.14156/338043">https://hdl.handle.net/20.500.14156/338043</a> |
| -- | 1 |
| 942 ## - ADDED ENTRY ELEMENTS (KOHA) | |
| Koha item type | General Book |
| Source of classification or shelving scheme | Library of Congress Classification |
| Koha issues (borrowed), all copies | 2 |
| 998 ## - LOCAL CONTROL INFORMATION (RLIN) | |
| -- | 8 |
| -- | นายบัณฑิต อุทาวงค์ |
| Withdrawn status | Lost status | Damaged status | Not for loan | Collection code | Home library | Current library | Date acquired | Source of acquisition | Total Checkouts | Total Renewals | Full call number | Barcode | Date last seen | Date last checked out | Price effective from | Koha item type |
|---|---|---|---|---|---|---|---|---|---|---|---|---|---|---|---|---|
| General Book collection | National Assembly Library of Thailand | National Assembly Library of Thailand | 21/11/2022 | บริจาค | 2 | 2 | JA 49 ส747 2553 | 3961182641 | 28/08/2024 | 16/08/2024 | 09/06/2017 | General Book |
